Ohodnocovanie biometrických charakteristík na mobilných zariadeniach

Guardado en:
Detalles Bibliográficos
Autor principal: Šmajda, Richard (Autor)
Otros Autores: Burda, Kamil (Orientador)
Formato: Manuscrito Libro
Lenguaje:eslovaco
Publicado: 2019
Materias:
Acceso en línea:http://is.stuba.sk/zp/portal_zp.pl?podrobnosti=134995
Etiquetas: Agregar Etiqueta
Sin Etiquetas, Sea el primero en etiquetar este registro!

MARC

LEADER 00000ntm a22000003a 4500
001 stuzp75195
003 SK-STU
005 20190622213330.5
007 ta
008 150427s2015----xo-----f-mn---000-0-slo-d
040 |a STU  |b slo 
041 0 |a slo 
100 1 |a Šmajda, Richard  |u 070200  |4 aut  |U FIIT Fakulta informatiky a informačných technológií  |T FIIT Ústav informatiky, informačných systémov a softvérového inžinierstva  |X 86037  |U I200  |Y 179  |7 86037 
242 0 1 |a Evaluating biometric characteristics on mobile devices  |y eng 
245 1 0 |a Ohodnocovanie biometrických charakteristík na mobilných zariadeniach 
260 |c 2019 
650 4 |a behaviorálna  |2 slo 
650 4 |a biometria  |2 slo 
650 4 |a mobilné  |2 slo 
650 4 |a zariadenia  |2 slo 
650 4 |a ohodnocovanie  |2 slo 
650 4 |a charakteristik  |2 slo 
650 4 |a behavioral  |2 eng 
650 4 |a biometric  |2 eng 
650 4 |a mobile  |2 eng 
650 4 |a devices  |2 eng 
650 4 |a evaluation  |2 eng 
650 4 |a characteristic  |2 eng 
700 1 |a Burda, Kamil  |u 070200  |k Z3  |4 ths  |U FIIT Fakulta informatiky a informačných technológií  |T FIIT Ústav informatiky, informačných systémov a softvérového inžinierstva  |X 5796  |U I200  |Y 179  |7 5796 
856 4 |u http://is.stuba.sk/zp/portal_zp.pl?podrobnosti=134995 
996 |c I*BAP149/19  |l II680  |s P  |a 0  |w stuzp75195_0001